<?xml version="1.0" encoding="UTF-8"?><?xml-stylesheet type="text/xsl" href="static/style.xsl"?><OAI-PMH xmlns="http://www.openarchives.org/OAI/2.0/" xmlns:xsi="http://www.w3.org/2001/XMLSchema-instance" xsi:schemaLocation="http://www.openarchives.org/OAI/2.0/ http://www.openarchives.org/OAI/2.0/OAI-PMH.xsd"><responseDate>2026-04-17T16:19:49Z</responseDate><request verb="GetRecord" identifier="oai:www.recercat.cat:10459.1/84044" metadataPrefix="marc">https://recercat.cat/oai/request</request><GetRecord><record><header><identifier>oai:recercat.cat:10459.1/84044</identifier><datestamp>2024-12-05T21:53:03Z</datestamp><setSpec>com_2072_3622</setSpec><setSpec>col_2072_479130</setSpec></header><metadata><record xmlns="http://www.loc.gov/MARC21/slim" xmlns:dcterms="http://purl.org/dc/terms/" xmlns:xsi="http://www.w3.org/2001/XMLSchema-instance" xmlns:doc="http://www.lyncode.com/xoai" xsi:schemaLocation="http://www.loc.gov/MARC21/slim http://www.loc.gov/standards/marcxml/schema/MARC21slim.xsd">
   <leader>00925njm 22002777a 4500</leader>
   <datafield ind2=" " ind1=" " tag="042">
      <subfield code="a">dc</subfield>
   </datafield>
   <datafield ind2=" " ind1=" " tag="720">
      <subfield code="a">Bellon, Filip</subfield>
      <subfield code="e">author</subfield>
   </datafield>
   <datafield ind2=" " ind1=" " tag="720">
      <subfield code="a">Beti Abad, Aintzane</subfield>
      <subfield code="e">author</subfield>
   </datafield>
   <datafield ind2=" " ind1=" " tag="720">
      <subfield code="a">Pastells Peiró, Roland</subfield>
      <subfield code="e">author</subfield>
   </datafield>
   <datafield ind2=" " ind1=" " tag="720">
      <subfield code="a">Casado Ramírez, Elvira</subfield>
      <subfield code="e">author</subfield>
   </datafield>
   <datafield ind2=" " ind1=" " tag="720">
      <subfield code="a">Moreno-Casbas, Maria Teresa</subfield>
      <subfield code="e">author</subfield>
   </datafield>
   <datafield ind2=" " ind1=" " tag="720">
      <subfield code="a">Gea Sánchez, Montserrat</subfield>
      <subfield code="e">author</subfield>
   </datafield>
   <datafield ind2=" " ind1=" " tag="720">
      <subfield code="a">Abad Corpa, Eva</subfield>
      <subfield code="e">author</subfield>
   </datafield>
   <datafield ind2=" " ind1=" " tag="260">
      <subfield code="c">2022-11-02T11:21:48Z</subfield>
   </datafield>
   <datafield ind2=" " ind1=" " tag="260">
      <subfield code="c">2022-11-02T11:21:48Z</subfield>
   </datafield>
   <datafield ind2=" " ind1=" " tag="260">
      <subfield code="c">2022</subfield>
   </datafield>
   <datafield ind2=" " ind1=" " tag="520">
      <subfield code="a">Aim: This review aimed to synthesise the available reviews on the effects of nursing interventions on sleep quality among patients hospitalised in intensive care and non-intensive care units.&#xd;
Background: Poor sleep quality is a common fact in hospitalised patients. Nurses can contribute to the improvement of patients' sleep quality and duration.&#xd;
Design: A review of intervention reviews was carried out and reported following the PRISMA guidelines and checklist.&#xd;
Methods: We systematically searched for reviews published from January 2009 to December 2019 in PubMed, CINAHL Plus, Scopus, Institute for Scientific Information Web of Science, Joanna Briggs Database of Systematic Reviews and Cochrane Central Register of Controlled Trials databases. Searches were repeated at 24 November 2020 to include the most recent evidence. A narrative synthesis of the results was conducted.&#xd;
Results: Nine reviews (representing 109 original papers) met the selection criteria and were included for critical appraisal. Overall, nursing interventions and sleep quality were poorly defined. We grouped the interventions into 3 categories (environmental, barrier and internal interventions) to provide a more comprehensive overview and examine effects of nursing interventions on inpatients sleep quality. Inconsistent results were obtained and low quality of the original articles was reported, making it difficult to establish absolute conclusions.&#xd;
Conclusion: The impact of environmental changes on patients' sleep was positive but inconclusive, while use of earplugs and eye masks, music and acupuncture generally showed positive results with moderate quality of evidence, and no harmful effects were reported.</subfield>
   </datafield>
   <datafield ind2=" " ind1=" " tag="520">
      <subfield code="a">This project received a research grant from the Carlos III Institute of Health, Ministry of Economy and Competitiveness (Spain), awarded on the 2018 call under the Health Strategy Action 2013-2016, with reference PI18/00732, co-funded with the European Union ERDF funds (European Regional Development Fund ‘a way to make Europe’) and the Predoctoral staff in training Program University of Lleida, Jade Plus and La Caixa Bank Foundation 2019</subfield>
   </datafield>
   <datafield ind1="8" ind2=" " tag="024">
      <subfield code="a">http://hdl.handle.net/10459.1/84044</subfield>
   </datafield>
   <datafield tag="653" ind2=" " ind1=" ">
      <subfield code="a">Circadian rhythm</subfield>
   </datafield>
   <datafield tag="653" ind2=" " ind1=" ">
      <subfield code="a">Hospitalisation</subfield>
   </datafield>
   <datafield tag="653" ind2=" " ind1=" ">
      <subfield code="a">Nursing</subfield>
   </datafield>
   <datafield tag="653" ind2=" " ind1=" ">
      <subfield code="a">Sleep</subfield>
   </datafield>
   <datafield tag="653" ind2=" " ind1=" ">
      <subfield code="a">Umbrella review</subfield>
   </datafield>
   <datafield ind2="0" ind1="0" tag="245">
      <subfield code="a">Effects of nursing interventions to improve inpatients' sleep in intensive and non‐intensive care units: Findings from an umbrella review</subfield>
   </datafield>
</record></metadata></record></GetRecord></OAI-PMH>